01082 a2200145 4500020001500000082001800015100003400033245005700067260005500124300001600179505065000195650005900845700001700904700001500921 a8449024099 a307.76bH341c aHarvey, David and Smith, Neil aCapital financiero, propiedad inmobiliaria y cultura aBarcelonabUniversitat Autonoma de Barcelonac2005 a78 pc20 cm tPrologo. Jordi BorjatEl arte de la renta: globalizacion y mercantilizacion de la cultura. David Harvey. 1. Renta monopolista y competencia. 2. Aventuras en el comercio del vino. 3. Iniciativa emprendedora urbana, renta monopolista y formas mundiales. 4. Capital simbolico colectivo, marcas de distincion y rentas monopolistas. 5. Renta monopolista y espacios de esperanza.tEl rendimiento de las ciudades: la globalizacion y el urbanismo neoliberal. Neil Smith. 1. El rendimiento de las ciudades: la globalizacion y el urbanismo neoliberal. 2. El urbanismo neoliberal. 3. La ciudad revanchista. 4. Conclusion: revanchismo y nuevo mundialismo. aGlobalizacionxciudades xpoliticas urbanaszCataluą aDavid Harvey aNeil Smith